Préfectures françaises - Mort subite - Statistiques

Statistiques générales
  • Ce quiz a été pris 73 fois
    50 depuis la dernière actualisation
  • Le résultat moyen est 10 sur 16
Answers on the Grid
Answers color-coded by a green-red scale on the quiz's grid according to % correct below.
Paris
Belfort
Pamiers
Calvi
Laval
Annemasse
Brest
Toulouse
Dijon
Calais
Dunkerque
Cayenne
Kourou
Fort-de-France
Haute-Terre
Mulhouse
Strasbourg
Alençon
Castelnaudary
Saint Malo
Saint Lô
Sarcelles
Versailles
Blois
Guérêt
Muret
Gap
Aix-en-Provence
Chambéry
Bastia
 
Statistiques - réponses
Réponse % Correct
Strasbourg
77%
Dijon
72%
Toulouse
72%
Belfort
69%
Paris
69%
Bastia
62%
Fort-de-France
62%
Laval
62%
Chambéry
59%
Saint Lô
59%
Blois
56%
Cayenne
56%
Versailles
56%
Alençon
54%
Guérêt
54%
Gap
51%
Aucun quiz correspondant
Distribution des résultats
% des personnes avec chaque résultat
Percentile par nombre de réponses
Votre historique - résultats
Vous n’avez pas pris ce quiz depuis la dernière actualisation